Factors affecting the plasma level of oseltamivir and its active metabolite in patients suspected influenza H1N1 infection at the University Malaya Medical Centre /
Saved in:
| Main Author: | |
|---|---|
| Format: | Thesis Book |
| Language: | English |
| Published: |
2010.
|
| Subjects: | |
| Tags: |
Add Tag
No Tags, Be the first to tag this record!
|
| LEADER | 01122cam a2200265 4500 | ||
|---|---|---|---|
| 001 | u794454 | ||
| 003 | SIRSI | ||
| 005 | 201007121535 | ||
| 008 | 100712s2010 my 000 0 eng | ||
| 040 | |a UMP | ||
| 096 | |a WB115 |b UM 2010 Azls | ||
| 100 | 0 | |a Azlina Samsudin. | |
| 245 | 1 | 0 | |a Factors affecting the plasma level of oseltamivir and its active metabolite in patients suspected influenza H1N1 infection at the University Malaya Medical Centre / |c Azlina Samsudin. |
| 260 | |c 2010. | ||
| 300 | |a iv, 35 leaves : |b col. ill. ; |c 30 cm. | ||
| 502 | |a Dissertation (M.Int.Med) -- Department of Medicine, Faculty of Medicine, University of Malaya, 2010. | ||
| 504 | |a Bibliography: leaves 30-32. | ||
| 650 | 1 | 2 | |a Influenza A Virus, H1N1 Subtype |z Kuala Lumpur (W.P.). |
| 650 | 2 | 2 | |a Influenza, Human |z Kuala Lumpur (W.P.). |
| 650 | 2 | 2 | |a Influenza Vaccines |z Kuala Lumpur (W.P.). |
| 650 | 2 | 2 | |a Plasma |x chemistry |z Kuala Lumpur (W.P.). |
| 710 | 2 | 0 | |a Universiti Malaya. |b Jabatan Perubatan. |
| 900 | |a RAH | ||
| 596 | |a 2 | ||
| 999 | |a WB115 UM 2010 AZLS |w NLM |c 1 |i A514328143 |d 16/8/2010 |f 16/8/2010 |g 1 |l TESIS |m P02MEDKL |r Y |s Y |t TESIS |u 16/8/2010 | ||
